000 01435cam a2200373 a 4500
001 EDZ0000062103
003 StDuBDS
005 20161031105206.0
006 m||||||||d||||||||
007 cr |||||||||||
008 120307s2010 ii a fo| 001|0|eng d
020 _a9788132107972 (ebook) :
_cNo price
040 _aStDuBDS
_beng
_cStDuBDS
_epn
049 _aAlfaisal Main Library
050 0 _aRC569
_b.S865 2010
082 0 4 _a616.858445
_223
245 0 0 _aSuicidal behaviour
_h[electronic resource] :
_bassessment of people-at-risk /
_cedited by Updesh Kumar, Manas K. Mandal.
260 _aDelhi ;
_aLondon :
_bSAGE,
_c2010.
300 _a1 online resource (xxv, 378 p.) :
_bill.
500 _aIncludes index.
520 8 _a'Suicidal Behaviour' provides a psychometric analysis of various aspects associated with suicidal risk assessment to understand the suicidal personality and predict suicidal behavior.
521 _aSpecialized.
588 _aDescription based on print version record.
650 0 _aSuicidal behavior.
650 0 _aSuicidal behavior
_xRisk factors
_xTesting.
650 0 _aSuicide
_xPrevention.
655 7 _aElectronic books.
_2local
700 1 _aKumar, Updesh.
700 1 _aMandal, Manas K.
710 2 _aSage eBooks
776 0 8 _iPrint version :
_z9788132102991
856 4 0 _uhttp://ezproxy.alfaisal.edu/login?url=http://sk.sagepub.com/books/suicidal-behaviour
942 _2lcc
_cEBOOKS
999 _c481360
_d481360